Цветок устойчивого фокуса в квантовой геометродинамике; Известия вузов. Физика; Т. 54, № 2

Dettagli Bibliografici
Parent link:Известия вузов. Физика: научный журнал/ Национальный исследовательский Томский государственный университет (ТГУ).— , 1957-
Т. 54, № 2.— 2011.— [С. 3-7]
Autore principale: Ласуков В. В. Владимир Васильевич
Riassunto:Заглавие с экрана
Исследовано нестационарное решение гравитационного аналога уравнения Шредингера квантовой геометродинамики. Обнаружено, что эволюционная траектория в функциональном пространстве может иметь вид цветка устойчивого фокуса.
Режим доступа: по договору с организацией-держателем ресурса
Lingua:russo
Pubblicazione: 2011
Soggetti:
Accesso online:http://elibrary.ru/item.asp?id=17639638
Natura: MixedMaterials Elettronico Capitolo di libro
KOHA link:https://koha.lib.tpu.ru/cgi-bin/koha/opac-detail.pl?biblionumber=637448

MARC

LEADER 00000nla0a2200000 4500
001 637448
005 20250421091304.0
035 |a (RuTPU)RU\TPU\network\1588 
090 |a 637448 
100 |a 20140915d2011 k||y0rusy50 ca 
101 0 |a rus 
102 |a RU 
135 |a drcn ---uucaa 
181 0 |a i  
182 0 |a b 
200 1 |a Цветок устойчивого фокуса в квантовой геометродинамике  |f В. В. Ласуков 
203 |a Текст  |c электронный 
300 |a Заглавие с экрана 
320 |a [Библиогр.: с. 7 (8 назв.)] 
330 |a Исследовано нестационарное решение гравитационного аналога уравнения Шредингера квантовой геометродинамики. Обнаружено, что эволюционная траектория в функциональном пространстве может иметь вид цветка устойчивого фокуса. 
333 |a Режим доступа: по договору с организацией-держателем ресурса 
461 |t Известия вузов. Физика  |o научный журнал  |f Национальный исследовательский Томский государственный университет (ТГУ)  |d 1957- 
463 |t Т. 54, № 2  |v [С. 3-7]  |d 2011 
610 1 |a электронный ресурс 
610 1 |a труды учёных ТПУ 
610 1 |a сверхпространство-время 
610 1 |a геометродинамика 
610 1 |a фокус 
700 1 |a Ласуков  |b В. В.  |c математик  |c доцент Томского политехнического университета, кандидат физико-математических наук  |f 1954-  |g Владимир Васильевич  |3 (RuTPU)RU\TPU\pers\28144  |9 13102 
801 2 |a RU  |b 63413507  |c 20150421  |g RCR 
850 |a 63413507 
856 4 |u http://elibrary.ru/item.asp?id=17639638 
942 |c CF